Statistiques concernant Êtes-vous rapide ? Test de rapidité ABC...

Cliquez ici pour prendre le quiz!

Statistiques générales

  • Ce quiz a été pris 1 680 fois
    (1 677 depuis la dernière actualisation)
  • Le résultat moyen est 26 sur 52

Statistiques - réponses

Lettre :Lettre :% Correct
AA
100%
BB
96%
EE
96%
CC
95%
DD
95%
FF
93%
GG
92%
HH
92%
II
91%
JJ
91%
KK
90%
LL
90%
MM
89%
OO
88%
NN
87%
PP
85%
RR
85%
QQ
83%
SS
82%
TT
81%
UU
81%
VV
77%
WW
74%
XX
70%
YY
68%
ZZ
66%
AaAa
48%
BbBb
40%
CcCc
33%
DdDd
31%
EeEe
29%
FfFf
24%
GgGg
21%
HhHh
19%
IiIi
16%
JjJj
14%
KkKk
12%
LlLl
11%
MmMm
8%
NnNn
6%
OoOo
6%
PpPp
6%
RrRr
6%
TtTt
5%
QqQq
4%
UuUu
4%
ZzZz
4%
SsSs
3%
YyYy
3%
VvVv
2%
WwWw
1%
XxXx
1%

Distribution des résultats

Percentile par nombre de réponses

% des personnes avec chaque résultat

Votre développement - résultats

Vous n’avez pas pris ce quiz depuis la dernière actualisation